01182 2200325 4500001002100000005001500021035002000036020002200056100007600078650001300154650001100167245023200178264001500410090001200425008004100437082001000478084001900488250003200507260003600539300002100575700007100596700003000667700003700697700002700734700002300761990001800784990001800802990001800820990001800838INLIS00000000001978120230309101012 a0010-0619019781 a978-979-26-6795-03 aAl-Mahalli, Al-Imam Jalaluddin Muhammad bin Ahmad bin Muhammadepenulis 4aAl-Quran 4aTafsir1 aTafsir jalalain /cAl-Imam Jalaluddin Muhammad bin Ahmad bin Muhammad Al-Mahalli, Al-Imam Jalaluddin Abdirrahman bin Abu Bakar As-Suyuthi; penerjemah, Najib Junaidi; editor, Ainul Haris Umar Thayyib, Waznin Mahfuzh, J. Haryadi ustaka Elba .971.226230309 e 0 ind  a2X1.3 aSR 2X1.3 MAH t acetakan kedua, April 2015 M aSurabaya :bPustaka Elba,c2015 a3 Jilid ;c30 cm3 aAs-Suyuthi, Al-Imam Jalaluddin Abdirrahman bin Abu Bakarepenulis0 aNajib Junaidiepenerjemah0 aAinul Haris Umar Thayyibeeditor0 aWaznin Mahfuzheeditor0 aHaryadi, Jeeditor a024469.039905 a024469.039906 a024469.039906 a024469.039905